000
00186 a2200097 4500
001
455
100
_a
Durell,CV
245
_a
Advanced Algebra
260
_a
_b
G Bell
_c
090
_c
73
_d
73
942
_a
NUST-CAE
_c
M
_c
33933
999
_c
235528
_d
235528